| 000 | 00853nam a22001577a 4500 | ||
|---|---|---|---|
| 003 | SGT | ||
| 020 | _a9788121935159 | ||
| 082 | _a547, BAH | ||
| 100 | _aBAHL, ARUN | ||
| 245 | _aADVANCED ORGANIC CHEMISTRY | ||
| 260 |
_aNEW DELHI _bS. CHAND _c2014 |
||
| 300 | _a1504 | ||
| 650 | _aORGANIC CHEMISTRY | ||
| 653 | _aIntroduction, Structure Of Organic Molecules, Organic Reaction Mechanims, Organic Reaction Mechanisms, Isomerism And Stereochemistry, Spectroscopy, Alkanes | Cycloalkanes, Petroleum, Petrochemicals And Alternative Fuels, Alkenes And Dienes, Alkynes | Alkyl Halides, Organometallic Compunds, Alcohols, Polyhydric Alcohols| Polyhydric Alcohols, Ethers And Epoxides, Thiols And Thiothers, Aldehyde Methylene Compounds, Lipids | Cyan Compounds, Derivatives Of Carbonic Acids, Nitroalkanes, Diazoalkanes And Asides | ||
| 942 |
_2ddc _cFPS _01 |
||
| 999 |
_c9231 _d9231 |
||